Statistiques concernant Quiz Un noms- un film/une serie

Cliquez ici pour prendre le quiz!

Statistiques générales

  • Ce quiz a été pris 38 fois
  • Le résultat moyen est 2 sur 15

Statistiques - réponses

HintRéponse% Correct
Chad Mickael MurrayLes freres scott
55%
Kristen BellVeronica Mars
45%
Blake LivelyGossip girls
39%
Alexis BledelGilmore Girls
21%
Hayden PanettiereHeros
12%
Lindsay LohanA nous qautres
3%
Benjamin MckenzieNewport Beach
3%
Hilary Dufftrouve ta voix
3%
Jonathan Taylor ThomasBeauté Sauvage
0%
Christina RicciCasper
0%
Devon SawaDestination ultime
0%
Alexa VegaEspions en herbe
0%
Paul WesleyJournal d'un vampire
0%
Amanda Bynesl'homme c'est elle
0%
America FerreraQuatre filles et un jean
0%

Distribution des résultats

Percentile par nombre de réponses

% des personnes avec chaque résultat

Votre développement - résultats

Vous n’avez pas pris ce quiz